[Event "Superliga 2011 W"]
[Site "?"]
[Date "2011.10.09"]
[Round "2.5"]
[White "Padurariu, Ioana-Smaranda"]
[Black "Anusca, Madalina-Maria"]
[Result "1-0"]
[WhiteElo "2211"]
[BlackElo "2070"]
[PlyCount "105"]
[EventDate "2011.??.??"]
[TimeControl "5400"]

1. e4 c5 2. Nf3 g6 3. d4 cxd4 4. Nxd4 Nc6 5. Nc3 Bg7 6. Be3 Nf6 7. Bc4 Qa5 8.
O-O O-O 9. Nb3 Qd8 10. f3 d6 11. Qd2 Bd7 12. Qf2 Qc8 13. Rfd1 Be6 14. Bf1 a5
15. Na4 Nd7 16. Nd4 Nxd4 17. Bxd4 Bxd4 18. Qxd4 Qc6 19. Nc3 Qc5 20. Qxc5 Nxc5
21. Nd5 Bxd5 22. Rxd5 Rfc8 23. c3 b6 24. Rad1 Nd7 25. g3 Rc5 26. Bb5 Rxd5 27.
Rxd5 Nf6 28. Rd4 Rc8 29. Kf2 Rc5 30. a4 g5 31. Ke3 h6 32. Rc4 Kg7 33. b4 Rxc4
34. Bxc4 Ne8 35. f4 f6 36. Kd4 Nc7 37. e5 h5 38. h4 g4 39. exd6 exd6 40. Bd3
Kf7 41. Bf5 Na6 42. Kd5 axb4 43. cxb4 Nxb4+ 44. Kxd6 Kg7 45. Bb1 Kf8 46. Bg6
Kg7 47. Bxh5 f5 48. Ke5 Nd3+ 49. Kxf5 Nc5 50. Be8 Nb7 51. Kxg4 Kh6 52. Bb5 Nd6
53. f5 1-0

[Event "Superliga 2011 W"]
[Site "Brasov"]
[Date "2011.10.10"]
[Round "3.1"]
[White "Peptan, Corina-Isabela"]
[Black "Tolgyi, Viorica"]
[Result "1-0"]
[WhiteElo "2421"]
[BlackElo "2060"]
[PlyCount "51"]
[EventDate "2011.10.08"]

1. e4 c6 2. c4 d6 3. d4 Nf6 4. Nc3 g6 5. g3 Bg7 6. Bg2 O-O 7. Nge2 Nbd7 8. O-O
Nb6 9. b3 Bd7 10. h3 Qc7 11. Be3 Rad8 12. Qc2 Qc8 13. c5 dxc5 14. dxc5 Na8 15.
Kh2 e5 16. f4 exf4 17. Bxf4 Rfe8 18. Bg5 Re6 19. e5 Rxe5 20. Bxf6 Bxf6 21. Rxf6
Rxc5 22. Rd6 Bf5 23. Rxd8+ Qxd8 24. Rd1 Qe7 25. Qd2 Nb6 26. Nd4 1-0

[Event "Superliga 2011 W"]
[Site "Brasov"]
[Date "2011.10.10"]
[Round "3.1"]
[White "Florea, Dorina"]
[Black "Ionescu, Irina"]
[Result "0-1"]
[WhiteElo "1902"]
[BlackElo "2245"]
[PlyCount "104"]
[EventDate "2011.10.08"]

1. e4 g6 2. d4 c6 3. c4 d5 4. Nc3 dxe4 5. Nxe4 Bg7 6. Be3 Nd7 7. Nf3 Ngf6 8.
Nxf6+ Nxf6 9. h3 Ne4 10. Bd3 Qa5+ 11. Ke2 Nd6 12. Bd2 Qc7 13. Bf4 c5 14. Be5 f6
15. Bg3 O-O 16. Re1 cxd4 17. Nxd4 e5 18. Nb5 Nxb5 19. cxb5 Be6 20. Qa4 Bh6 21.
Kf1 Rfd8 22. Bc2 Qc4+ 23. Kg1 Qxa4 24. Bxa4 Rd4 25. Bd1 Rb4 26. a4 Rxb2 27. Bf3
Rb8 28. Red1 Bd2 29. Rdb1 Rxb1+ 30. Rxb1 b6 31. Bc6 Rd8 32. Rb2 Rd4 33. Bb7 Bf5
34. Kh2 Ba5 35. Ra2 Kf7 36. f3 Ke7 37. Bf2 Rd1 38. Be4 Bxe4 39. fxe4 Rc1 40.
Kg3 Rc3+ 41. Kh2 Rc4 42. Kg3 Rxe4 43. Rc2 Kd7 44. Rc6 Rf4 45. Be3 Rf1 46. Bh6
Bb4 47. Bg7 Bd6 48. Kh2 e4+ 49. g3 Rf2+ 50. Kg1 e3 51. Bh6 g5 52. Rc3 Bc5 0-1

[Event "Superliga 2011 W"]
[Site "Brasov"]
[Date "2011.10.10"]
[Round "3.1"]
[White "Anusca, Madalina-Maria"]
[Black "Vintila, Maria-Aurora"]
[Result "1-0"]
[WhiteElo "2070"]
[BlackElo "1781"]
[PlyCount "103"]
[EventDate "2011.10.08"]

1. c4 g6 2. Nf3 Bg7 3. g3 Nf6 4. Bg2 d6 5. O-O c5 6. d4 cxd4 7. Nxd4 O-O 8. Nc3
a6 9. b3 Qc7 10. Bb2 Nc6 11. Nc2 Bf5 12. Ne3 Qc8 13. Na4 Qd8 14. Nxf5 gxf5 15.
Qd3 Ne4 16. Bxe4 fxe4 17. Qxe4 Bxb2 18. Nxb2 e5 19. e3 f5 20. Qd5+ Kh8 21. Rad1
Rf6 22. f4 Qb6 23. c5 Qxc5 24. Qxc5 dxc5 25. fxe5 Re6 26. Rxf5 Nxe5 27. e4 b6
28. Na4 Rc8 29. Nc3 Ng4 30. Rf7 Ne5 31. Rf4 b5 32. Rdf1 c4 33. Nd5 Rce8 34.
Rf8+ Rxf8 35. Rxf8+ Kg7 36. Rc8 cxb3 37. axb3 Nf3+ 38. Kg2 Nd2 39. Rc7+ Kh6 40.
Nf4 Rxe4 41. Rc6+ Kg7 42. Ne6+ Kg8 43. Rc8+ Kf7 44. Ng5+ Kg7 45. Rc7+ Kg8 46.
Nxe4 Nxe4 47. Ra7 Nc5 48. b4 Nd3 49. Rxa6 Nxb4 50. Rb6 Nc2 51. Rxb5 Ne3+ 52.
Kf3 1-0

[Event "Superliga 2011 W"]
[Site "Brasov"]
[Date "2011.10.10"]
[Round "3.2"]
[White "Cosma, Elena-Luminita"]
[Black "L'ami, Alina"]
[Result "1-0"]
[WhiteElo "2331"]
[BlackElo "2368"]
[PlyCount "37"]
[EventDate "2011.10.08"]

1. d4 Nf6 2. Nf3 g6 3. g3 Bg7 4. Bg2 O-O 5. O-O d6 6. Nc3 d5 7. Ne5 c6 8. e4
dxe4 9. Nxe4 Nxe4 10. Bxe4 Bh3 11. Re1 Nd7 12. Nxd7 Qxd7 13. c3 e5 14. dxe5
Qxd1 15. Rxd1 Bxe5 16. Be3 Rfe8 17. Bg2 Bg4 18. Re1 Bf6 19. h3 1-0

[Event "Superliga 2011 W"]
[Site "Brasov"]
[Date "2011.10.10"]
[Round "3.2"]
[White "Bulmaga, Irina"]
[Black "Chirita, Andra-Marina"]
[Result "1-0"]
[WhiteElo "2304"]
[BlackElo "2044"]
[PlyCount "51"]
[EventDate "2011.10.08"]

1. e4 e6 2. d4 d5 3. Nc3 dxe4 4. Nxe4 Bd7 5. Nf3 Bc6 6. Bd3 Nd7 7. Qe2 Ngf6 8.
Neg5 Qe7 9. O-O h6 10. Ne4 g5 11. Nxf6+ Qxf6 12. Ne5 Nxe5 13. dxe5 Qe7 14. a4
O-O-O 15. Be3 Kb8 16. Bb5 Qe8 17. Rfd1 Rxd1+ 18. Qxd1 Bg7 19. Qd4 b6 20. c4 Rf8
21. Qc3 f5 22. Qa3 a5 23. c5 Bxe5 24. cxb6 Bd6 25. bxc7+ Bxc7 26. Bxc6 1-0

[Event "Superliga 2011 W"]
[Site "Brasov"]
[Date "2011.10.10"]
[Round "3.2"]
[White "Ilie, Maria-Ruxandra"]
[Black "Padurariu, Ioana-Smaranda"]
[Result "1-0"]
[WhiteElo "2005"]
[BlackElo "2211"]
[PlyCount "73"]
[EventDate "2011.10.08"]

1. d4 Nf6 2. Nf3 e6 3. c4 c5 4. d5 d6 5. Nc3 exd5 6. cxd5 g6 7. e4 Bg7 8. Bg5
O-O 9. Be2 a6 10. a4 Nbd7 11. O-O Re8 12. Nd2 h6 13. Bh4 Qc7 14. f4 Nh7 15. Bf2
f5 16. Qc2 Ndf8 17. Bf3 fxe4 18. Bxe4 g5 19. fxg5 Nxg5 20. Bd3 Bg4 21. Rae1 Bh5
22. Nc4 Bf7 23. Bg3 Bd4+ 24. Kh1 Rxe1 25. Rxe1 Rd8 26. Ne3 Bxe3 27. Rxe3 c4 28.
Bf5 Qc5 29. Qd2 b5 30. axb5 axb5 31. h4 Ngh7 32. Bf4 b4 33. Rg3+ Kh8 34. Bxh6
Ng6 35. Bxg6 Rg8 36. Be3 Rxg6 37. Rxg6 1-0

[Event "Superliga 2011 W"]
[Site "Brasov"]
[Date "2011.10.10"]
[Round "3.3"]
[White "Petrenko, Svetlana"]
[Black "Melia, Salome"]
[Result "1/2-1/2"]
[WhiteElo "2223"]
[BlackElo "2396"]
[PlyCount "110"]
[EventDate "2011.10.08"]

1. e4 c5 2. Nf3 d6 3. d4 cxd4 4. Nxd4 Nf6 5. Nc3 Nc6 6. Bg5 e6 7. Qd2 Be7 8.
O-O-O O-O 9. f4 Nxd4 10. Qxd4 Qa5 11. e5 dxe5 12. Qxe5 b5 13. Bxb5 h6 14. Bc6
Qb6 15. Bxa8 hxg5 16. fxg5 Ng4 17. Qd4 Nf2 18. Qxb6 Bxg5+ 19. Kb1 axb6 20. Ne4
Nxd1 21. Nxg5 Rd8 22. Bf3 Ne3 23. Re1 Nc4 24. Kc1 Kf8 25. b3 Nd6 26. Rd1 f5 27.
Re1 Ke7 28. h4 Kf6 29. g3 e5 30. Rf1 Ke7 31. c4 e4 32. Bg2 Nb7 33. Rd1 Rxd1+
34. Kxd1 Kf6 35. Kd2 Ke5 36. Ke3 Na5 37. Bh3 Ba6 38. Nf7+ Ke6 39. Ng5+ Ke5 40.
Nf7+ Ke6 41. Nh8 Kf6 42. h5 Nc6 43. g4 Nb4 44. gxf5 Nxa2 45. Ng6 Nc1 46. Nf8
Nxb3 47. Nd7+ Kg5 48. Nxb6 Bb7 49. Nd5 Na5 50. Kd4 Nxc4 51. Kxc4 Bxd5+ 52. Kxd5
e3 53. Bf1 Kxf5 54. Kd4 Kg5 55. Be2 g6 1/2-1/2

[Event "Superliga 2011 W"]
[Site "Brasov"]
[Date "2011.10.10"]
[Round "3.3"]
[White "Plass, Mariana-Camelia"]
[Black "Ionica, Iulia-Ionela"]
[Result "1/2-1/2"]
[WhiteElo "2151"]
[BlackElo "2244"]
[PlyCount "39"]
[EventDate "2011.10.08"]

1. d4 Nf6 2. c4 g6 3. Nc3 Bg7 4. e4 d6 5. Be2 O-O 6. Bg5 Na6 7. Qd2 e5 8. d5
Qe8 9. f3 Nh5 10. Be3 Nf4 11. Bf1 f5 12. g3 Nh5 13. Bd3 Nb4 14. Bb1 Bd7 15.
Nge2 a5 16. O-O Qf7 17. f4 Rae8 18. fxe5 Bxe5 19. a3 Na6 20. Bc2 1/2-1/2

[Event "Superliga 2011 W"]
[Site "Brasov"]
[Date "2011.10.10"]
[Round "3.3"]
[White "Bratu, Andreea"]
[Black "Taposu-Matei, Alexandra"]
[Result "0-1"]
[WhiteElo "1802"]
[BlackElo "1788"]
[PlyCount "54"]
[EventDate "2011.10.08"]

1. e4 c5 2. Nf3 d6 3. d4 cxd4 4. Nxd4 Nf6 5. Nc3 a6 6. Bg5 e6 7. f4 b5 8. Qf3
Bb7 9. Bd3 Be7 10. O-O-O b4 11. Nce2 Nbd7 12. g4 Nc5 13. Ng3 Qc7 14. Rhe1 O-O
15. Qe2 Rfd8 16. Kb1 Qb6 17. Ka1 a5 18. Bh4 a4 19. g5 Nfd7 20. f5 a3 21. Bc4
axb2+ 22. Kb1 Na4 23. Rd3 Ne5 24. f6 Nxc4 25. fxe7 Re8 26. Qf3 Nc3+ 27. Rxc3
bxc3 0-1

[Event "Superliga 2011 W"]
[Site "Brasov/Rumania"]
[Date "2011.10.10"]
[Round "3.4"]
[White "Cramling, Pia"]
[Black "Sandu, Mihaela"]
[Result "1-0"]
[WhiteElo "2489"]
[BlackElo "2221"]
[PlyCount "64"]
[EventDate "2011.??.??"]
[TimeControl "40/5400+30:1800+30"]

1. d4 Nf6 2. Nf3 g6 3. c4 Bg7 4. Nc3 d6 5. e4 O-O 6. h3 e5 7. d5 Na6 8. Bg5 Qe8
9. Be2 Nh5 10. g3 f5 11. exf5 e4 12. Nh4 e3 13. Bxh5 exf2+ 14. Kxf2 gxh5 15.
Re1 Be5 16. Qf3 Nc5 17. Kg2 Qf7 18. Rxe5 dxe5 19. Rf1 b6 20. Qe3 Ba6 21. b3 Nd7
22. Bh6 Rfe8 23. Qg5+ Kh8 24. f6 Rg8 25. Bg7+ Rxg7 26. fxg7+ Qxg7 27. Qxh5 Rf8
28. Rxf8+ Nxf8 29. Qe8 e4 30. Nxe4 b5 31. Nf5 Qb2+ 32. Kf3 Bc8 1-0

[Event "Superliga 2011 W"]
[Site "Brasov/Rumania"]
[Date "2011.10.10"]
[Round "3.4"]
[White "Visanescu, Daria-Ioana"]
[Black "Foisor, Cristina-Adela"]
[Result "1/2-1/2"]
[WhiteElo "2010"]
[BlackElo "2416"]
[PlyCount "119"]
[EventDate "2011.??.??"]
[TimeControl "40/5400+30:1800+30"]

1. e4 c6 2. d4 d5 3. Nc3 dxe4 4. Nxe4 Bf5 5. Ng3 Bg6 6. Nf3 Nd7 7. Bd3 Ngf6 8.
O-O e6 9. Re1 Be7 10. c3 Bxd3 11. Qxd3 O-O 12. Bg5 Re8 13. Rad1 Qa5 14. a3 c5
15. Ne4 cxd4 16. Bxf6 Nxf6 17. Nxd4 Rad8 18. Qf3 Nxe4 19. Qxe4 Bf6 20. h3 Qb6
21. b4 g6 22. Rd3 Rc8 23. Red1 Red8 24. Ne2 a6 25. c4 Rxd3 26. Rxd3 Qc6 27.
Qxc6 Rxc6 28. c5 b6 29. Nd4 Bxd4 30. Rxd4 bxc5 31. Rc4 Kf8 32. bxc5 Ke7 33. f4
f5 34. Kf2 e5 35. fxe5 Ke6 36. Rh4 h5 37. g4 hxg4 38. hxg4 f4 39. Kf3 Kxe5 40.
g5 Rxc5 41. Rxf4 Rc6 42. Rf8 a5 43. a4 Rc3+ 44. Kg2 Rc4 45. Kg3 Rxa4 46. Rf6
Rd4 47. Rxg6 Rd6 48. Rg8 Ra6 49. g6 Kf6 50. g7 Kf7 51. Rc8 Kxg7 52. Kf4 Kf6 53.
Ke4 Ke6 54. Kd4 Kd6 55. Rh8 Kc7 56. Rh7+ Kb8 57. Kc3 Rb6 58. Rh5 a4 59. Ra5
Rb3+ 60. Kc4 1/2-1/2

[Event "Superliga 2011 W"]
[Site "Brasov/Rumania"]
[Date "2011.10.10"]
[Round "3.4"]
[White "Foisor, Mihaela-Veronica"]
[Black "Mathe, Katalin"]
[Result "1-0"]
[WhiteElo "2205"]
[BlackElo "2010"]
[PlyCount "55"]
[EventDate "2011.??.??"]
[TimeControl "40/5400+30:1800+30"]

1. d4 d5 2. c4 e6 3. Nc3 Be7 4. Nf3 Nf6 5. cxd5 exd5 6. Bg5 O-O 7. e3 c6 8. Bd3
Be6 9. Qc2 Nbd7 10. h3 Re8 11. g4 g6 12. O-O-O b5 13. Kb1 Qa5 14. Nd2 Ne4 15.
Bxe7 Nxd2+ 16. Qxd2 Rxe7 17. Nxd5 Qd8 18. Nxe7+ Qxe7 19. f3 b4 20. Rc1 Nb6 21.
h4 Rb8 22. h5 g5 23. h6 Nd5 24. Qh2 Rb7 25. Rxc6 Nc3+ 26. Ka1 Nxa2 27. Qe5 Kf8
28. Qh8# 1-0

[Event "Superliga 2011 W"]
[Site "Brasov"]
[Date "2011.10.10"]
[Round "3.5"]
[White "Baciu, Anca-Otilia"]
[Black "Jicman, Ligia-Letitia"]
[Result "1/2-1/2"]
[WhiteElo "2130"]
[BlackElo "2187"]
[PlyCount "90"]
[EventDate "2011.10.08"]

1. e4 c5 2. Nf3 g6 3. d4 Bg7 4. c4 d6 5. Nc3 Bg4 6. d5 Nf6 7. Be2 Bxf3 8. Bxf3
O-O 9. O-O Na6 10. Be3 Nc7 11. Qc2 Re8 12. Be2 e6 13. dxe6 Nxe6 14. Rad1 a6 15.
e5 Nd7 16. exd6 Nd4 17. Bxd4 cxd4 18. Nd5 Re5 19. f4 Rxd5 20. cxd5 Nb6 21. Qb3
Qxd6 22. f5 Be5 23. fxg6 hxg6 24. h3 Rf8 25. Bf3 Bf4 26. Rfe1 Be3+ 27. Rxe3
dxe3 28. Qxe3 Nc4 29. Qd4 Ne5 30. Qf4 Nxf3+ 31. Qxf3 Rd8 32. Qe3 Rd7 33. Qd4
Re7 34. Rc1 Re8 35. b4 Rd8 36. Rd1 b6 37. Qc4 Kg7 38. a3 b5 39. Qc5 Rd7 40.
Qd4+ Qf6 41. Qc5 Rd6 42. Rf1 Qe5 43. Rd1 Qf6 44. Qc7 Qe5 45. Qc5 Qf6 1/2-1/2

[Event "Superliga 2011 W"]
[Site "Brasov"]
[Date "2011.10.10"]
[Round "3.5"]
[White "Craciun, Paula-Iulia"]
[Black "Vasilescu, Maria"]
[Result "1/2-1/2"]
[WhiteElo "2138"]
[BlackElo "1814"]
[PlyCount "70"]
[EventDate "2011.10.08"]

1. e4 e5 2. Nf3 Nc6 3. Bb5 a6 4. Ba4 Nf6 5. Qe2 b5 6. Bb3 Bc5 7. c3 d6 8. d3
Bb7 9. Nbd2 Qd7 10. Nf1 O-O-O 11. Be3 Bxe3 12. Nxe3 Na5 13. Bc2 d5 14. b4 dxe4
15. dxe4 Qc6 16. O-O Nc4 17. Nxc4 bxc4 18. Nxe5 Qe6 19. f4 Rhe8 20. Rad1 Kb8
21. Ba4 Qb6+ 22. Kh1 Rxd1 23. Rxd1 Rxe5 24. fxe5 Nxe4 25. Rf1 Nxc3 26. Qc2 Qe3
27. Be8 Ne2 28. Qxc4 Be4 29. Bc6 Bd3 30. Qd5 Ng3+ 31. hxg3 Qh6+ 32. Kg1 Qe3+
33. Rf2 Qc1+ 34. Rf1 Qe3+ 35. Kh1 Qh6+ 1/2-1/2

[Event "Superliga 2011 W"]
[Site "Brasov"]
[Date "2011.10.10"]
[Round "3.5"]
[White "Dumitrescu, Madalina-Alexandra"]
[Black "Lolici, Iselin-Amanda"]
[Result "0-1"]
[WhiteElo "1660"]
[BlackElo "1982"]
[PlyCount "64"]
[EventDate "2011.10.08"]

1. e4 c5 2. Nf3 Nc6 3. d4 cxd4 4. Nxd4 Nf6 5. Nc3 g6 6. Be3 Bg7 7. Bc4 O-O 8.
Bb3 Ng4 9. Qxg4 Nxd4 10. O-O Nxb3 11. axb3 d5 12. Qh4 d4 13. Bxd4 Bxd4 14. Rad1
e5 15. Qh6 Be6 16. Rd3 Qf6 17. Nb5 a6 18. Nc7 Rac8 19. Nxe6 fxe6 20. c3 Bxf2+
21. Kh1 Be3 22. Rxf6 Bxh6 23. Rdf3 Rxf6 24. Rxf6 Rf8 25. Rf3 Rxf3 26. gxf3 Bc1
27. Kg2 Bxb2 28. c4 Kf7 29. Kf2 Ke7 30. Kg3 Kd6 31. Kg4 Bc1 32. Kg3 Kc5 0-1

[Event "Superliga 2011 W"]
[Site "Brasov"]
[Date "2011.10.11"]
[Round "4.1"]
[White "Florea, Dorina"]
[Black "Jicman, Ligia-Letitia"]
[Result "0-1"]
[WhiteElo "1902"]
[BlackElo "2187"]
[PlyCount "108"]
[EventDate "2011.10.08"]

1. e4 c5 2. Nf3 Nc6 3. d4 cxd4 4. Nxd4 Nf6 5. Nc3 g6 6. Be2 Bg7 7. Be3 O-O 8.
O-O d6 9. h3 Bd7 10. Nb3 Rc8 11. f4 a6 12. a4 Be6 13. f5 Bd7 14. fxg6 hxg6 15.
Qd2 Ne5 16. Bh6 Nc4 17. Bxc4 Rxc4 18. Bxg7 Kxg7 19. Qe2 Qc7 20. Rfe1 b5 21.
axb5 axb5 22. e5 dxe5 23. Qxe5 Qxe5 24. Rxe5 b4 25. Nd5 Rxc2 26. Nxe7 Re8 27.
Rae1 Rxb2 28. Nc5 Ra8 29. Nxd7 Nxd7 30. Rb5 Raa2 31. Rg5 Re2 32. Rxe2 Rxe2 33.
Nc6 b3 34. Rb5 b2 35. Kh2 Re6 36. Rxb2 Rxc6 37. Re2 Rd6 38. Kg3 f5 39. Kf3 Kf6
40. g3 g5 41. Ra2 Nc5 42. Ra3 Rd3+ 43. Rxd3 Nxd3 44. Ke3 Ne5 45. Kd4 Nf3+ 46.
Ke3 Ng1 47. h4 g4 48. Kf2 Nh3+ 49. Ke3 Ke5 50. Ke2 Ke4 51. h5 Ng5 52. h6 Nh7
53. Kf2 Kd3 54. Kf1 Ke3 0-1

[Event "Superliga 2011 W"]
[Site "Brasov"]
[Date "2011.10.11"]
[Round "4.1"]
[White "Mastacan, Camelia"]
[Black "Lolici, Iselin-Amanda"]
[Result "0-1"]
[WhiteElo "1701"]
[BlackElo "1982"]
[PlyCount "46"]
[EventDate "2011.10.08"]

1. d4 g6 2. c4 Bg7 3. Nc3 d6 4. e4 Nd7 5. Be3 e5 6. d5 Ne7 7. Bd3 O-O 8. g4 f5
9. gxf5 gxf5 10. exf5 Nxf5 11. Bxf5 Rxf5 12. Qc2 Nf6 13. O-O-O Ng4 14. Ne4 Qh4
15. Ng3 Rf7 16. Qe4 Bh6 17. Kb1 Qf6 18. Nh5 Qf5 19. Qxf5 Bxf5+ 20. Kc1 Nxe3 21.
fxe3 Bxe3+ 22. Rd2 Bxd2+ 23. Kxd2 Be4 0-1

[Event "Superliga 2011 W"]
[Site "Brasov"]
[Date "2011.10.11"]
[Round "4.2"]
[White "Sandu, Mihaela"]
[Black "Baciu, Anca-Otilia"]
[Result "1-0"]
[WhiteElo "2221"]
[BlackElo "2130"]
[PlyCount "65"]
[EventDate "2011.10.08"]

1. e4 c5 2. Nf3 e6 3. d4 cxd4 4. Nxd4 Nf6 5. Nc3 d6 6. Be2 a6 7. a4 Qc7 8. f4
b6 9. Bf3 Bb7 10. O-O Nbd7 11. Qe1 Be7 12. Kh1 O-O 13. e5 dxe5 14. fxe5 Ne8 15.
Bf4 Bxf3 16. Rxf3 Rc8 17. Rh3 Qc4 18. Rd1 Nc5 19. b3 Qb4 20. Qe2 g6 21. Bh6
Nxb3 22. cxb3 Rxc3 23. Rxc3 Qxc3 24. Bxf8 Bxf8 25. Qxa6 Qc5 26. Qb5 Nc7 27.
Qxc5 Bxc5 28. Nc6 Nd5 29. g3 Kg7 30. Rb1 Nb4 31. Nxb4 Bxb4 32. Rc1 h5 33. Rc6
1-0

[Event "Superliga 2011 W"]
[Site "Brasov"]
[Date "2011.10.11"]
[Round "4.2"]
[White "Vasilescu, Maria"]
[Black "Moldovan, Corina"]
[Result "1/2-1/2"]
[WhiteElo "1814"]
[BlackElo "2232"]
[PlyCount "66"]
[EventDate "2011.10.08"]

1. e4 c5 2. Nc3 Nc6 3. g3 g6 4. Bg2 Bg7 5. f4 d6 6. d3 Nf6 7. Nf3 Bg4 8. h3
Bxf3 9. Qxf3 Nd4 10. Qf2 O-O 11. O-O Nd7 12. Nd5 Nb6 13. c3 Nc6 14. Be3 Na4 15.
f5 b5 16. f6 exf6 17. b3 Nb6 18. Nxf6+ Kh8 19. d4 cxd4 20. cxd4 Rc8 21. Rac1
Nb4 22. Rxc8 Qxc8 23. Qf4 Nd7 24. e5 Rd8 25. Rc1 Qb8 26. Qh4 Bxf6 27. exf6 Re8
28. Bg5 Qb6 29. Qh6 Qxd4+ 30. Kh2 Nxf6 31. Rd1 Qb2 32. Rb1 Qd4 33. Rd1 Qb2
1/2-1/2

[Event "Superliga 2011 W"]
[Site "Brasov"]
[Date "2011.10.11"]
[Round "4.2"]
[White "Visanescu, Daria-Ioana"]
[Black "Dumitrescu, Madalina-Alexandra"]
[Result "1-0"]
[WhiteElo "2010"]
[BlackElo "1660"]
[PlyCount "37"]
[EventDate "2011.10.08"]

1. e4 e5 2. Nf3 Nc6 3. Bc4 Bc5 4. d3 Nf6 5. Bb3 d6 6. c3 Bg4 7. Nbd2 Qd7 8. Ba4
O-O 9. h3 Bxf3 10. Nxf3 Qc8 11. O-O Bb6 12. Nh4 Nd8 13. Bg5 Qe6 14. Bb3 d5 15.
exd5 Qd6 16. Nf5 Qd7 17. Qf3 Kh8 18. Nxg7 Ng8 19. Bf6 1-0

[Event "Superliga 2011 W"]
[Site "Brasov"]
[Date "2011.10.11"]
[Round "4.3"]
[White "Melia, Salome"]
[Black "Cramling, Pia"]
[Result "1/2-1/2"]
[WhiteElo "2396"]
[BlackElo "2489"]
[PlyCount "33"]
[EventDate "2011.10.08"]

1. e4 c5 2. Nf3 e6 3. d4 cxd4 4. Nxd4 Nc6 5. Nc3 Qc7 6. Be3 Nf6 7. f4 Bb4 8.
Ndb5 Qa5 9. e5 Nd5 10. Bd2 Nxc3 11. Nxc3 d5 12. exd6 Bxd6 13. Nb5 Bb4 14. a3
Bxd2+ 15. Qxd2 Qxd2+ 16. Kxd2 Ke7 17. Re1 1/2-1/2

[Event "Superliga 2011 W"]
[Site "Brasov"]
[Date "2011.10.11"]
[Round "4.3"]
[White "Foisor, Cristina-Adela"]
[Black "Plass, Mariana-Camelia"]
[Result "1-0"]
[WhiteElo "2416"]
[BlackElo "2151"]
[PlyCount "95"]
[EventDate "2011.10.08"]

1. Nf3 d5 2. g3 g6 3. Bg2 Bg7 4. d4 Nf6 5. O-O O-O 6. c4 c6 7. cxd5 cxd5 8. Nc3
Qb6 9. Na4 Qb5 10. Ne5 Nc6 11. f4 Bf5 12. Nc3 Qb6 13. e3 Rfd8 14. g4 Be4 15.
Bh3 Ne8 16. Nxe4 dxe4 17. Qc2 Nd6 18. Bd2 Rac8 19. Bc3 f6 20. Nxc6 Rxc6 21. Rf2
e6 22. Bf1 f5 23. gxf5 exf5 24. Qa4 Qc7 25. Qxa7 Rxc3 26. bxc3 Qxc3 27. Qb6 Rd7
28. Qb3+ Qxb3 29. axb3 Rc7 30. Bc4+ Nxc4 31. bxc4 Rxc4 32. Ra8+ Bf8 33. Rb2 Rc7
34. Rb8 h6 35. h4 b5 36. R2xb5 Rc1+ 37. Kf2 Rc2+ 38. Ke1 Rc3 39. Kd2 Rd3+ 40.
Ke2 Ra3 41. Rc8 Ra2+ 42. Kd1 Ra7 43. h5 Rf7 44. hxg6 Rf6 45. Rbb8 Kg7 46. Rxf8
Rxf8 47. Rxf8 Kxf8 48. d5 1-0

[Event "Superliga 2011 W"]
[Site "Brasov"]
[Date "2011.10.11"]
[Round "4.3"]
[White "Taposu-Matei, Alexandra"]
[Black "Uta, Adeline-Ramona"]
[Result "0-1"]
[WhiteElo "1788"]
[BlackElo "2085"]
[PlyCount "66"]
[EventDate "2011.10.08"]

1. d4 Nf6 2. Nf3 g6 3. c4 Bg7 4. Nc3 d6 5. Bg5 h6 6. Bh4 g5 7. Bg3 Nh5 8. e3 c5
9. Qc2 Nxg3 10. hxg3 g4 11. Nh4 cxd4 12. exd4 Bxd4 13. Rd1 Nc6 14. Be2 Qa5 15.
O-O Bxc3 16. bxc3 Be6 17. Rb1 Qc7 18. Nf5 Bxf5 19. Qxf5 h5 20. c5 dxc5 21. Qxc5
O-O-O 22. Rb2 Qe5 23. Qc4 Qd5 24. Qf4 e5 25. Qf5+ Qd7 26. Qb1 f5 27. Rd1 Qf7
28. Re1 e4 29. Rb5 h4 30. Rc5 Rd6 31. Qb5 hxg3 32. Rxf5 Rdh6 33. fxg3 e3 0-1

[Event "Superliga 2011 W"]
[Site "?"]
[Date "2011.10.11"]
[Round "4.4"]
[White "L'ami, Alina"]
[Black "Petrenko, Svetlana"]
[Result "1-0"]
[WhiteElo "2368"]
[BlackElo "2223"]
[PlyCount "83"]
[EventDate "2011.??.??"]
[TimeControl "120+18"]

1. d4 Nf6 2. c4 g6 3. Nc3 d5 4. Bg5 Ne4 5. Bh4 Nxc3 6. bxc3 Bg7 7. e3 c5 8.
cxd5 Qxd5 9. Qf3 e6 10. Bd3 cxd4 11. Qxd5 exd5 12. cxd4 Nc6 13. Rb1 a6 14. Ne2
b5 15. Nf4 Be6 16. Be2 h6 17. Rc1 Ne7 18. Nxe6 fxe6 19. Rc7 g5 20. Bg3 Rc8 21.
Ra7 Rc1+ 22. Bd1 Rc6 23. Bh5+ Kd8 24. Kd2 e5 25. dxe5 Nf5 26. Rc1 Rxc1 27. Kxc1
Nxg3 28. hxg3 Bxe5 29. Rxa6 Kc7 30. Re6 Bc3 31. f4 Be1 32. f5 Bxg3 33. f6 Bd6
34. f7 Ra8 35. Kb1 Rf8 36. Re8 Kc6 37. Kc2 Kc5 38. Kd3 b4 39. e4 dxe4+ 40. Kxe4
Kc6 41. Kf5 Kd7 42. Ke4 1-0

[Event "Superliga 2011 W"]
[Site "?"]
[Date "2011.10.11"]
[Round "4.4"]
[White "Ionica, Iulia-Ionela"]
[Black "Bulmaga, Irina"]
[Result "0-1"]
[WhiteElo "2244"]
[BlackElo "2304"]
[PlyCount "142"]
[EventDate "2011.??.??"]
[TimeControl "120+17"]

1. e4 c5 2. Nf3 d6 3. d4 cxd4 4. Nxd4 Nf6 5. Nc3 a6 6. Bc4 e6 7. a4 Nc6 8. O-O
Qc7 9. Ba2 Be7 10. Kh1 e5 11. Nde2 Nb4 12. Bb3 Be6 13. Bg5 Rc8 14. Qd2 O-O 15.
Rfd1 Ng4 16. Rf1 Bxb3 17. cxb3 Bxg5 18. Qxg5 Nf6 19. Ng3 h6 20. Qd2 d5 21. Nxd5
Nbxd5 22. exd5 Rcd8 23. Rac1 Qd7 24. Rfd1 Qxd5 25. Qxd5 Rxd5 26. Rxd5 Nxd5 27.
h3 Rd8 28. Rd1 Rd7 29. Ne4 b6 30. a5 Kf8 31. axb6 Nxb6 32. Ra1 Ra7 33. Ra5 Nd7
34. Nd6 Ra8 35. Nc4 f6 36. Rd5 Ra7 37. Na5 Ke8 38. Kg1 Ra8 39. Kf1 Rb8 40. Rd6
Rb6 41. Rxb6 Nxb6 42. Nc6 Nd5 43. Ke2 Nc7 44. Kd3 Kd7 45. Na5 Kd6 46. Kc4 Ne6
47. b4 Kc7 48. Nb3 Nf4 49. Nc5 Kb6 50. Nd7+ Kc6 51. Nc5 Nxg2 52. Nxa6 Nf4 53.
b5+ Kb6 54. Nc5 Nxh3 55. Na4+ Kc7 56. b6+ Kc6 57. Kb4 Nxf2 58. Ka5 Ne4 59. Ka6
Nd6 60. b4 e4 61. Nc3 e3 62. b5+ Kd7 63. b7 Kc7 64. Nd5+ Kb8 65. Nxe3 f5 66.
Nd5 Nxb7 67. Ne7 f4 68. Nc6+ Kc7 69. Ne5 Nc5+ 70. Ka7 Na4 71. Nf3 g5 0-1

[Event "Superliga 2011 W"]
[Site "?"]
[Date "2011.10.11"]
[Round "4.4"]
[White "Padurariu, Ioana-Smaranda"]
[Black "Bratu, Andreea"]
[Result "1-0"]
[WhiteElo "2211"]
[BlackElo "1802"]
[PlyCount "105"]
[EventDate "2011.??.??"]
[TimeControl "120+16"]

1. e4 c5 2. Nf3 d6 3. d4 cxd4 4. Nxd4 Nf6 5. Nc3 a6 6. Be3 b5 7. f3 Bb7 8. Qd2
Nbd7 9. a4 b4 10. Na2 e5 11. Nb3 d5 12. exd5 Nxd5 13. Bd3 Nxe3 14. Qxe3 Qb6 15.
Qxb6 Nxb6 16. Na5 Bd5 17. Nc1 Be7 18. Ncb3 O-O 19. O-O Rfc8 20. Rfe1 Bf6 21.
Nd2 g6 22. Nf1 Nc4 23. Nxc4 Bxc4 24. Be4 Rab8 25. Ne3 a5 26. Rad1 Be6 27. Rd6
Rc5 28. b3 Be7 29. Rdd1 f5 30. Bd3 Rd8 31. Bc4 Rxd1 32. Rxd1 Kf7 33. Kf2 Rc6
34. Bxe6+ Kxe6 35. Nc4 Bc5+ 36. Ke2 Bb6 37. h3 h6 38. g4 Bc7 39. Rg1 Kf6 40.
gxf5 Kxf5 41. Ne3+ Kf6 42. Rg2 Rc5 43. Kd3 h5 44. Ke4 Kf7 45. Rd2 Ke6 46. Nc4
g5 47. Rd1 Bb8 48. Rd8 Bc7 49. Rh8 h4 50. Rh6+ Kf7 51. Ra6 Ke7 52. Rg6 Kf7 53.
Rxg5 1-0

[Event "Superliga 2011 W"]
[Site "Brasov"]
[Date "2011.10.11"]
[Round "4.5"]
[White "Muzychuk, Anna"]
[Black "Cosma, Elena-Luminita"]
[Result "1-0"]
[WhiteElo "2545"]
[BlackElo "2331"]
[PlyCount "73"]
[EventDate "2011.10.08"]

1. e4 e6 2. d4 d5 3. Nc3 Bb4 4. e5 b6 5. a3 Bf8 6. Bb5+ c6 7. Ba4 a5 8. Nce2 b5
9. Bb3 c5 10. c3 Nc6 11. Nf3 Ba6 12. O-O Be7 13. Re1 c4 14. Bc2 h5 15. Be3 Nh6
16. Qd2 Kd7 17. Ng3 Ng4 18. Bf4 b4 19. axb4 axb4 20. h3 b3 21. Bb1 Nh6 22. Nxh5
Ng8 23. Ng3 g6 24. Nf1 Bb7 25. Rxa8 Qxa8 26. Ne3 Na7 27. Ng4 Qd8 28. Bg5 Nc6
29. Qf4 Qf8 30. h4 Nd8 31. g3 Kc6 32. Bxg6 Bxg5 33. Nxg5 Ne7 34. Bb1 Bc8 35.
Qf6 Kb7 36. Nh7 Qe8 37. Qg7 1-0